Plus grosses villes bresiliennes - Statistiques

Statistiques générales
  • Ce quiz a été pris 212 fois
  • Le résultat moyen est 7 sur 10
Statistiques - réponses
Rank Réponse % Correct
2 Rio de Janeiro
99%
1 Sao Paulo
98%
4 Brasilia
92%
6 Belo Horizonte
73%
9 Recife
73%
8 Manaus
66%
10 Porto Alegre
59%
5 Fortaleza
57%
7 Curitiba
40%
3 Salvador da Bahia
11%
Aucun quiz correspondant
Distribution des résultats
% des personnes avec chaque résultat
Percentile par nombre de réponses
Votre historique - résultats
Vous n’avez pas pris ce quiz